[Event "Los duros de MP"]
[Site "http://www.queenalice.com/game.php?id=595270"]
[Date "2009.5.29"]
[Round "2"]
[White "holeripla"]
[Black "Denny"]
[Result "0-1"]
[WhiteElo "1269"]
[BlackElo "1396"]

1. e3 c6 2. Bd3 e6 3. Qf3 Nf6 4. Ne2 Bd6 5. Nbc3 Qb6 6. a3 e5 7. e4 O-O 8. O-O
Bc5 9. b4 Bd6 10. Rb1 Be7 11. Nd1 c5 12. c3 g5 13. h3 d6 14. a4 g4 15. hxg4 Nxg4
16. a5 Qd8 17. Bc4 Be6 18. Bxe6 fxe6 19. Qxg4+ Kf7 20. Ba3 Rg8 21. Qh5+ Kg7 22.
Ng3 Qe8 23. b5 Nd7 24. Ne3 Nf6 25. Qxe8 Raxe8 26. b6 axb6 27. Rxb6 Rb8 28. Rfb1
h5 29. a6 Nd7 30. R6b5 bxa6 31. Nxh5+ Kf7 32. Rxb8 Nxb8 33. f3 Nd7 34. g3 Kg6
35. g4 Rf8 36. Rf1 Rb8 37. Kg2 Rf8 38. d3 Bd8 39. Kg3 Bb6 40. Nc4 Bd8 41. Nxd6
Nf6 42. Rh1 Ne8 43. Bxc5 Be7 44. d4 Nxd6 45. dxe5 Nc8 46. Bxe7 Nxe7 47. Ra1 Ra8
48. Nf4+ Kf7 49. g5 Nc6 50. Kh4 Nxe5 51. Kh5 Rh8# 0-1

[Event "Challenge"]
[Site "http://www.queenalice.com/game.php?id=599296"]
[Date "2009.6.6"]
[Round "-"]
[White "holeripla"]
[Black "Denny"]
[Result "1-0"]
[WhiteElo "1288"]
[BlackElo "1403"]

1. e3 c6 2. Nc3 e5 3. Qe2 d5 4. d4 exd4 5. exd4+ Ne7 6. Bg5 Kd7 7. O-O-O h6 8.
Bh4 g5 9. Bg3 Bg7 10. Nf3 Nf5 11. Na4 b5 12. Nc5# 1-0

[Event "AUTO-BEG-320"]
[Site "http://www.queenalice.com/game.php?id=600291"]
[Date "2009.6.8"]
[Round "1"]
[White "reniflex"]
[Black "holeripla"]
[Result "1-0"]
[WhiteElo "1366"]
[BlackElo "1413"]

1. e4 e6 2. Nc3 Nc6 3. Bc4 Qf6 4. Nf3 Na5 5. d3 Qg6 6. g3 Bd6 7. b4 Nc6 8. Nh4
Qf6 9. f4 Qxc3+ 10. Qd2 Qxa1 11. b5 Nb4 12. c3 Be7 13. Qb2 Qxb2 14. Bxb2 Nc2+
15. Kd1 Ne3+ 16. Ke2 Ng4 17. h3 N4h6 18. g4 g5 19. fxg5 Bxg5 20. Nf3 Be7 21. g5
d5 22. exd5 exd5 23. Bxd5 Nf5 24. h4 h6 25. c4 f6 26. g6 Ng3+ 27. Kd2 Nxh1 28.
Bf7+ Kf8 29. h5 Ng3 30. Nd4 Nxh5 31. a4 Kg7 32. Bd5 Kxg6 33. Nf3 Nf4 34. Be4+ f5
35. Bxh8 fxe4 36. dxe4 Bg4 37. Ne5+ Kg5 38. Nf7+ Kh5 39. Be5 1-0

[Event "AUTO-BEG-320"]
[Site "http://www.queenalice.com/game.php?id=600292"]
[Date "2009.6.8"]
[Round "1"]
[White "holeripla"]
[Black "reniflex"]
[Result "0-1"]
[WhiteElo "1432"]
[BlackElo "1347"]

1. e3 e5 2. Nc3 Nc6 3. Bd3 Bd6 4. Nf3 Nf6 5. O-O h5 6. a4 O-O 7. Nh4 g5 8. Nf5
Bc5 9. Ne4 Nxe4 10. Bxe4 d5 11. Nh6+ Kg7 12. Qxh5 Rh8 13. Nxf7 Rxh5 14. Nxd8
Nxd8 15. Bxd5 c6 16. Bf3 Rh6 17. b3 a5 18. Bb2 Bb4 19. Bxe5+ Kg8 20. d4 Bc3 21.
Rad1 Bf5 22. e4 Bg6 23. Rd3 Bb2 24. c4 Nf7 25. Bc7 Ba3 26. d5 Rc8 27. Bb6 Ne5
28. Rc3 Bb2 29. Rc2 Ba3 30. Rd1 Nxf3+ 31. gxf3 Rh3 32. d6 Rxf3 33. d7 Rff8 34.
d8=Q Rcxd8 35. Bxd8 Bh5 36. Rd3 Be2 37. Rxe2 b5 38. cxb5 cxb5 39. axb5 Bc5 40.
e5 g4 0-1

[Event "AUTO-BEG-320"]
[Site "http://www.queenalice.com/game.php?id=600305"]
[Date "2009.6.8"]
[Round "1"]
[White "MLC"]
[Black "holeripla"]
[Result "1-0"]
[WhiteElo "1525"]
[BlackElo "1435"]

1. e4 e6 2. Nc3 a5 3. d4 c6 4. Nh3 Na6 5. Qe2 c5 6. d5 e5 7. Ng5 Qe7 8. g3 h6 9.
Qh5 Nf6 10. Qxf7+ Qxf7 11. Nxf7 Kxf7 12. Bd2 d6 13. O-O-O Nc7 14. h4 Ng4 15. Be1
a4 16. a3 Bd7 17. f3 Ne3 18. Rd2 Nxf1 19. Rxf1 Bh3 20. Rh1 Bd7 21. f4 Bg4 22.
fxe5 dxe5 23. Rf1+ Kg8 24. Rdf2 Bh3 25. Rh1 Bg4 26. Rd2 b5 27. d6 Ne6 28. d7 Be7
29. Nd5 Kf7 30. Nxe7 Kxe7 31. Bf2 Bf3 32. Re1 b4 33. Re3 Rhf8 34. Red3 Bxe4 35.
Re3 Bg6 36. Rxe5 Kf6 37. Re3 bxa3 38. Rxa3 Ke7 39. b3 axb3 40. Rxa8 Rxa8 41.
cxb3 Ra7 42. Bxc5+ Nxc5 43. d8=Q+ Kf7 44. Qb6 Ra1+ 45. Kb2 Rb1+ 46. Ka2 Ne6 47.
Qb7+ Kf6 48. Rf2+ Ke5 49. Qb5+ Kd6 50. Rd2+ Ke7 51. Qd7+ Kf6 52. Rd1 Rxd1 53.
Qxd1 Be8 54. Qf1+ Ke7 55. Qe1 h5 56. Ka3 Kf6 57. b4 Kf7 58. Qf1+ Ke7 59. b5 Bxb5
60. Qxb5 g6 61. Qe5 Kf7 62. Kb4 Nf8 63. Kc4 Ne6 64. Kd5 Nd8 65. Qg5 Ne6 66. Qe5
Nd8 67. Qc7+ Ke8 68. Qb8 Ke7 69. Qd6+ Ke8 70. Qxg6+ Kf8 71. Qxh5 Nf7 72. Qg4 Nh6
73. Qf4+ Nf7 74. Ke6 Kg7 75. Qxf7+ Kh6 76. Qf4+ Kh5 77. Qg5# 1-0

[Event "AUTO-BEG-320"]
[Site "http://www.queenalice.com/game.php?id=600306"]
[Date "2009.6.8"]
[Round "1"]
[White "holeripla"]
[Black "MLC"]
[Result "0-1"]
[WhiteElo "1362"]
[BlackElo "1442"]

1. e3 e5 2. Nc3 Nc6 3. Bd3 Nf6 4. Nf3 Bd6 5. O-O O-O 6. a4 e4 7. Bxe4 Nxe4 8.
Nxe4 Be5 9. d4 d5 10. dxe5 dxe4 11. Nd4 Nxd4 12. exd4 b6 13. Re1 Bb7 14. Ra3 c5
15. Rd3 exd3 16. Qxd3 Qd5 17. f3 a5 18. c4 Qxd4+ 19. Re3 Qxd3 20. Rxd3 Rae8 21.
Rd7 Bc6 22. Rc7 Bxa4 23. f4 f6 24. exf6 gxf6 25. g3 Re1+ 26. Kg2 Rxc1 27. Kh3
Rxc4 28. f5 Rf7 29. Rc8+ Kg7 30. g4 Rb4 31. Kh4 h5 32. Kxh5 Rf8 33. Rc7+ Rf7 34.
Rc8 Rxb2 35. h4 Rg2 36. Rd8 Rg1 37. Rd5 Bd1 38. Rd8 Bxg4# 0-1

[Event "AUTO-BEG-320"]
[Site "http://www.queenalice.com/game.php?id=600315"]
[Date "2009.6.8"]
[Round "1"]
[White "holeripla"]
[Black "patreszer"]
[Result "0-1"]
[WhiteElo "1435"]
[BlackElo "1189"]

1. e3 c5 2. Nf3 d6 3. Nc3 Nc6 4. Nd5 Bd7 5. a4 e6 6. Nc3 Nf6 7. Bd3 a6 8. O-O
Be7 9. e4 h6 10. Re1 Rc8 11. Bc4 Rb8 12. Nh4 b5 13. Ba2 b4 14. Ne2 Nxe4 15. Nf4
Bxh4 16. Rxe4 e5 17. Nh5 Qg5 18. Qf3 Bf5 19. Rf4 O-O 20. Rxf5 Qg6 21. Qh3 Nd4
22. Bxf7+ Rxf7 23. Rxf7 Kxf7 24. Qxh4 Nf5 25. Qh3 Nd4 26. Qd7+ Kg8 27. Ng3 Nxc2
28. Rb1 Nd4 29. b3 Qxb1 30. Qxd6 Qxc1+ 31. Nf1 Ne2+ 32. Kh1 Qxf1# 0-1

[Event "AUTO-BEG-320"]
[Site "http://www.queenalice.com/game.php?id=600316"]
[Date "2009.6.8"]
[Round "1"]
[White "patreszer"]
[Black "holeripla"]
[Result "0-1"]
[WhiteElo "1302"]
[BlackElo "1421"]

1. d4 Nf6 2. Nc3 e6 3. e4 Nc6 4. Bg5 Bb4 5. Ne2 h6 6. Bxf6 Qxf6 7. e5 Qg6 8. a3
Bxc3+ 9. Nxc3 O-O 10. d5 Ne7 11. Qd3 Nf5 12. Be2 Qxg2 13. O-O-O Qxf2 14. b4 Nd4
15. Rdf1 Qh4 16. Qg3 Qg5+ 17. Qxg5 hxg5 18. Rf2 b6 19. Rhf1 Nf5 20. dxe6 fxe6
21. Bg4 Ba6 22. Bxf5 Bxf1 23. Rxf1 exf5 24. Nd5 c6 25. Ne3 f4 26. Nc4 b5 27. Nd6
a5 28. Rg1 axb4 29. Rxg5 Rxa3 30. Rg6 f3 31. Ne4 f2 32. e6 dxe6 33. Nxf2 Rxf2
34. Rxe6 b3 35. Re3 c5 36. Kb2 b4 37. Re8+ Kh7 38. Re5 Rxc2+ 0-1

[Event "revancha.....jejejejejeje"]
[Site "http://www.queenalice.com/game.php?id=602158"]
[Date "2009.6.12"]
[Round "-"]
[White "holeripla"]
[Black "Denny"]
[Result "1-0"]
[WhiteElo "1349"]
[BlackElo "1395"]

1. e4 e5 2. Nf3 Nf6 3. Nc3 c6 4. Nxe5 Bd6 5. Nc4 b5 6. Nxd6+ Ke7 7. e5 Ke6 8.
Nde4 Nxe4 9. Nxe4 f5 10. Nd6 Kxe5 11. Nf7+ Ke6 12. Nxd8+ Rxd8 13. Qe2+ Kf6 14.
Qh5 Rh8 15. h4 g6 16. Qf3 Re8+ 17. Be2 a5 18. a4 bxa4 19. h5 g5 20. Qh3 g4 21.
Qh4+ Kf7 22. Rxa4 Ra6 23. Kf1 c5 24. Bc4+ Kf8 25. Bxa6 Bxa6+ 26. d3 Re6 27. Bf4
Nc6 28. Qg5 Ne7 29. Rxa5 Rg6 30. hxg6 Nxg6 31. Rxa6 Ne7 32. Rxh7 c4 33. Qf6+ Ke8
34. Qxe7# 1-0

[Event "Copa Oscar Edo."]
[Site "http://www.queenalice.com/game.php?id=604317"]
[Date "2009.6.16"]
[Round "1"]
[White "holeripla"]
[Black "jupar"]
[Result "1-0"]
[WhiteElo "1384"]
[BlackElo "1850"]

1. e3 d5 2. d4 Nf6 3. Bd3 c6 4. c4 e6 5. c5 Nbd7 6. Ne2 Be7 7. Qc2 O-O 8. O-O e5
9. e4 dxe4 10. Bxe4 Nxe4 11. Qxe4 exd4 12. Nxd4 Bxc5 13. Nb3 Nf6 14. Qe5 1-0

[Event "Mesa 2"]
[Site "http://www.queenalice.com/game.php?id=605812"]
[Date "2009.6.19"]
[Round "2"]
[White "Denny"]
[Black "holeripla"]
[Result "0-1"]
[WhiteElo "1395"]
[BlackElo "1367"]

1. Nf3 e6 2. Nc3 d5 3. d4 Nc6 4. e3 Qf6 5. Bb5 Bd7 6. O-O O-O-O 7. Qd3 Bb4 8. a3
Bxc3 9. bxc3 Na5 10. Bxd7+ Rxd7 11. Rb1 Nh6 12. Qb5 b6 13. Qa6+ Kb8 14. Nd2 e5
15. Nb3 Nxb3 16. Rxb3 Rd6 17. Rb4 g5 18. Ra4 b5 19. Qxa7+ Kc8 20. Qa8+ Kd7 21.
dxe5 Qxe5 22. f4 Qxc3 23. Rd4 Rxa8 24. fxg5 Nf5 25. Bd2 Qxc2 26. Rxf5 Qxf5 27.
e4 dxe4 28. Bb4 Rxd4 29. h3 Qxg5 0-1

[Event "COLOMBIA vs ARGENTINA"]
[Site "http://www.queenalice.com/game.php?id=609645"]
[Date "2009.6.27"]
[Round "-"]
[White "holeripla"]
[Black "FMP"]
[Result "0-1"]
[WhiteElo "1423"]
[BlackElo "1863"]

1. e3 e5 2. Nc3 Nf6 3. a4 Bb4 4. Na2 Be7 5. b4 d5 6. b5 a6 7. Nf3 Bg4 8. Rb1 e4
9. Be2 exf3 10. gxf3 Bh5 11. Bb2 axb5 12. Bxb5+ c6 13. Bd3 Rxa4 14. Ra1 Ne4 15.
Bxe4 dxe4 16. Bxg7 Bxf3 17. Qb1 Bxh1 18. Bxh8 Bf6 19. Bxf6 Qxf6 20. c3 Qg6 21.
Ke2 Bf3+ 22. Ke1 Qg1# 0-1

[Event "COLOMBIA vs ARGENTINA"]
[Site "http://www.queenalice.com/game.php?id=609646"]
[Date "2009.6.27"]
[Round "-"]
[White "FMP"]
[Black "holeripla"]
[Result "1-0"]
[WhiteElo "1886"]
[BlackElo "1395"]

1. e4 e5 2. Nf3 Nc6 3. Bc4 Nh6 4. h3 Bc5 5. d3 Qf6 6. Nc3 O-O 7. Nd5 Qd8 8. Bxh6
gxh6 9. Qd2 Kg7 10. Bb5 Nd4 11. Nxd4 Bxd4 12. c3 c6 13. cxd4 cxd5 14. dxe5 a6
15. Ba4 b5 16. Bb3 d4 17. Qf4 Qe7 18. Qg4+ Qg5 19. f4 d6 20. Qxg5+ hxg5 21. exd6
a5 22. fxg5 a4 23. Bd5 Ra6 24. e5 Re8 25. O-O 1-0